000 00822cam a2200289 4500
001 ABS66971
008 030820n2003 000 0 eng u
035 _a(Sirsi) u123318
245 _aRegional survey: Wales
260 _c2003
490 _aProperty Week
_v68(27) 11 July 2003, 49-66(12)
590 _aABS
650 _aWALES
650 _aCARDIFF
650 _aWREXHAM
650 _aSWANSEA
650 _aSOUTH WALES
650 _aPROPERTY-COMMERCIAL PROPERTY-OFFICE PROPERTY-OFFICE PROPERTY MARKET
650 _aPROPERTY-COMMERCIAL PROPERTY-RETAIL PROPERTY-RETAIL PROPERTY MARKET
650 _aWELSH DEVELOPMENT AGENCY
650 _aTAKE UP
650 _aAVAILABILITY
650 _aDEMAND
650 _aRENTS
690 _aPROPERTY-COMMERCIAL PROPERTY-COMMERCIAL PROPERTY MARKET
942 _n0
999 _c73254
_d73254